00798cam a2200229 a 4500999001300000001000400013003000900017005001700026008004100043010001700084020001500101040003800116082002300154100002800177245004800205260003900253300002900292520007900321650003500400942001200435952012100447 c634d634913BD-DhUAP20200126114959.0200126s1997 bg 000 0 eng  a 97906053  a9840513982 aBD-DhUAPcBD-DhUAPdBD-DhUAPbEng00a306.095492 JAB2231 aJabbar, Muzaffar Abdul.14aThe spice of life /cMuzaffar Abdul Jabbar. aDhaka :bUniversity Press,cc1997. axix, 262 pages ;c22 cm. aArticles on miscellaneous topics previously published in various journals. aSocial conditionszBangladesh. 2ddccBK 00102ddc4070aUAPCLbUAPCLcGeneral Stacksd2020-01-26o306.095492 JABp3010000913r2020-01-26t1w2020-01-26yBK